Alla Världens Flaggor - Statistics

General Stats
  • This quiz has been taken 535 times
  • The average score is 64 of 196
Answer Stats
Picture Answer % Correct
Sverige
98%
Finland
97%
Norge
97%
Island
95%
Danmark
94%
USA
94%
Kanada
83%
Italien
82%
Australien
81%
Frankrike
81%
Irland
81%
Ryssland
80%
Nederländerna
77%
Nya Zeeland
76%
Storbrittanien
73%
Japan
72%
Sydkorea
70%
Brasilien
69%
Grekland
69%
Kina
66%
Albanien
61%
Ungern
61%
Bangladesh
60%
Bulgarien
60%
Israel
60%
Belgien
58%
Cypern
58%
Georgien
57%
Nepal
56%
Schweiz
56%
Spanien
56%
Turkiet
56%
Tyskland
56%
Vietnam
56%
Elfenbenskusten
55%
Malta
55%
Indien
54%
Mexiko
53%
Polen
53%
Sydafrika
53%
Vatikanstaten
53%
Kosovo
52%
Jamaica
51%
Argentina
50%
Kenya
50%
Saudi Arabien
49%
Pakistan
48%
San Marino
47%
Egypten
46%
Irak
46%
Libanon
46%
Österrike
46%
Nordmakedonien
45%
Madagaskar
43%
Tunisien
43%
Indonesien
42%
Iran
42%
Estland
41%
Algeriet
40%
Bhutan
40%
Tjeckien
40%
Bosnien och Hercegovina
39%
Chile
39%
Dominikanska republiken
39%
Kroatien
39%
Malaysia
39%
Nordkorea
39%
Slovakien
39%
Thailand
39%
Uruguay
38%
Kazakstan
37%
Portugal
37%
Filippinerna
36%
Venezuela
36%
Peru
35%
Slovenien
35%
Myanmar
34%
Panama
34%
Serbien
34%
Barbados
33%
Kamerun
33%
Palau
33%
Singapore
33%
Somalia
32%
Niger
31%
Luxembourg
30%
Burkina Faso
29%
Kuba
29%
Syrien
29%
Tonga
29%
Ukraina
29%
Uzbekistan
29%
Belarus
28%
Gabon
28%
Rumänien
28%
Seychellerna
28%
Sri Lanka
28%
Tanzania
28%
Azerbajdzjan
27%
Kongo-Kinshasa
27%
Eritrea
25%
Maldiverna
25%
Monako
25%
Nigeria
25%
Turkmenistan
25%
Colombia
24%
Lettland
24%
Oman
24%
Laos
23%
Qatar
23%
Taiwan
23%
Uganda
23%
Litauen
22%
Angola
21%
Costa Rica
21%
Eswatini
21%
Jordanien
21%
Kuwait
21%
Sydsudan
21%
Ghana
20%
Honduras
20%
Kambodja
20%
Libyen
20%
Malawi
20%
Papua Nya Guinea
20%
Ecuador
19%
Förenade arabemiraten
19%
Jemen
19%
Maroko
19%
Moldavien
19%
Senegal
19%
Armenien
18%
Liberia
18%
Montenegro
18%
Bahamas
17%
Botswana
17%
Paraguay
17%
Sudan
17%
Andorra
16%
Brunei
16%
Fiji
16%
Haiti
16%
Kiribati
16%
Mongoliet
16%
Afghanistan
15%
Mauretanien
15%
Östtimor
15%
Rwanda
15%
Tadzjikistan
15%
Zimbabwe
15%
Antigua och Barbuda
14%
Bahrain
14%
Belize
14%
Kap Verde
14%
Mali
14%
Moçambique
14%
Namibia
14%
El Salvador
13%
Komorerna
13%
Liechtenstein
13%
Marshallöarna
13%
Nauru
13%
Burundi
12%
Nicaragua
12%
Djibouti
11%
Guyana
11%
Samoa
11%
Surinam
11%
Benin
10%
Dominica
10%
Guinea
10%
Kongo-Brazzaville
10%
Sierra Leone
10%
Togo
10%
Trinidad & Tobago
10%
Gambia
9%
Guatemala
9%
Mikronesien
9%
Guinea-Bissau
8%
Lesotho
8%
Vanuatu
8%
Zambia
8%
Ekvatorialguinea
7%
Ethiopien
7%
Grenada
7%
Mauritius
7%
São Tomé och Príncipe
7%
St. Lucia
7%
Tuvalu
7%
Bolivia
6%
Kirgizistan
5%
Central Afrikanska Republiken
4%
St. Kitts & Nevis
4%
Salomonöarna
3%
Tschad
3%
St. Vincent och Grenadinerna
2%
No matching quizzes found
Score Distribution
Percent of People with Each Score
Percentile by Number Answered
Your Score History
You have not taken this quiz